|
|
|
|
| LEADER |
00000nam0a2200000 4500 |
| 001 |
71960 |
| 005 |
20231031083029.0 |
| 010 |
|
|
|a 0387223835
|
| 035 |
|
|
|a (RuTPU)RU\TPU\book\76700
|
| 090 |
|
|
|a 71960
|
| 100 |
|
|
|a 20041228d2005 k y0engy50 ca
|
| 101 |
0 |
|
|a eng
|
| 102 |
|
|
|a US
|
| 105 |
|
|
|a y z 001zy
|
| 200 |
1 |
|
|a Fourier Series in Control Theory
|f V. Komornik, P. Loreti
|
| 210 |
|
|
|a New York
|c Springer
|d 2005
|
| 215 |
|
|
|a 226 p.
|
| 225 |
1 |
|
|a Springer monographs in mathematics
|
| 320 |
|
|
|a References: p. 217-223.
|
| 320 |
|
|
|a Index: p. 225-226.
|
| 610 |
1 |
|
|a математика
|
| 610 |
1 |
|
|a теоремы
|
| 610 |
1 |
|
|a контроль
|
| 610 |
1 |
|
|a стабилизация
|
| 610 |
1 |
|
|a колебания
|
| 610 |
1 |
|
|a уравнения
|
| 610 |
1 |
|
|a приближенные методы
|
| 610 |
1 |
|
|a линейные уравнения
|
| 610 |
1 |
|
|a волновые уравнения
|
| 610 |
1 |
|
|a векторы
|
| 610 |
1 |
|
|a лучи
|
| 610 |
1 |
|
|a направления
|
| 610 |
1 |
|
|a английский язык
|
| 675 |
|
|
|a 517.91
|v 3
|
| 700 |
|
1 |
|a Komornik
|b V.
|g Vilmos
|
| 701 |
|
1 |
|a Loreti
|b P.
|g Paola
|
| 801 |
|
1 |
|a RU
|b 63413507
|c 20041228
|g PSBO
|
| 801 |
|
2 |
|a RU
|b 63413507
|c 20100914
|g PSBO
|
| 942 |
|
|
|c BK
|
| 959 |
|
|
|a 7/20060208
|d 1
|e 79,95
|f НФ:1
|